| 000 | 01813nam a2200229Ia 4500 | ||
|---|---|---|---|
| 008 | 260220t1980||||xx |||||||||||||| ||spa|| | ||
| 040 |
_aPY-SlUNAC _bspa _erda |
||
| 041 | _aspa | ||
| 082 |
_a333.79 _bP467p |
||
| 245 | 0 | _aPerspectivas agroenergéticas de América Latina | |
| 264 |
_aAsunción : _bInstituto Interamenticano de Ciencias Agrícolas, O, _c℗1980. |
||
| 300 | _a1 volumen | ||
| 520 | _aEl libro "Perspectivas agroenergéticas de América Latina", publicado por el Instituto Interamericano de Ciencias Agrícolas en 1980, examina el potencial de la región para integrar la producción agrícola con la generación de energía. A través de un análisis multidimensional, se aborda la interdependencia entre la agricultura y las fuentes de energía renovables, destacando la importancia de optimizar los recursos naturales para fomentar el desarrollo sostenible. Se presentan estudios de caso que ilustran la viabilidad de implementar tecnologías agroenergéticas en diferentes contextos latinoamericanos, así como las políticas necesarias para su promoción. El texto también discute los desafíos que enfrenta la región, incluidos aspectos socioeconómicos, ambientales y técnicos, proponiendo estrategias para superar obstáculos y maximizar el aprovechamiento de las energías alternativas. En última instancia, se propone que la integración de los sectores agropecuario y energético no solo puede contribuir a la seguridad alimentaria, sino también a la sostenibilidad ambiental y el desarrollo rural en América Latina. | ||
| 653 | _aAgricultura | ||
| 653 | _aDesarrollo sostenible | ||
| 653 | _aEnergía | ||
| 942 |
_b2026/02/17 _cBK |
||
| 999 |
_c7095 _d7095 |
||